00369nam a2200133Ia 4500008004100000020001400041041000800055082001300063100002100076245003300097260004400130300001600174500004500190230926s9999 xx 000 0 und d a706973860 aeng a657/MAH/ aMaheshwari, S.N. aFundamentals of Accounting  bVikas Publishing House, New Delhic1993 aXVI;31.39P. aDoneted by Mr. Tarun Shrivastava, Nagpur